Markets (Record no. 82504)
[ view plain ]
| 000 -LEADER | |
|---|---|
| fixed length control field | 01180cam a22001935a 4500 |
| 001 - CONTROL NUMBER | |
| control field | L150428 |
| 008 - FIXED-LENGTH DATA ELEMENTS--GENERAL INFORMATION | |
| fixed length control field | 100713e2010 xxk 000 0 eng d |
| 035 ## - SYSTEM CONTROL NUMBER | |
| System control number | (Sirsi) u150428 |
| 041 0# - LANGUAGE CODE | |
| Language code of text/sound track or separate title | eng |
| 100 1# - MAIN ENTRY--PERSONAL NAME | |
| Personal name | Unger, Paul |
| 245 00 - TITLE STATEMENT | |
| Title | Markets |
| Remainder of title | North-west |
| 260 ## - PUBLICATION, DISTRIBUTION, ETC. | |
| Date of publication, distribution, etc. | 2010 |
| 490 #0 - SERIES STATEMENT | |
| Series statement | Property Week |
| Volume/sequential designation | 76(27) 9 July 2010, 43-56(6) |
| 520 ## - SUMMARY, ETC. | |
| Summary, etc. | Manchester city centre 2010 office take-up boosted by occupiers taking advantage of discounts and by the Co-op's new HQ. Blackburn and Bury opening new retail centres soon. Liverpool and Manchester's prime headline and net effective office rents to stabilise in the second half of 2010. Regeneration in Barrow comes together slowly. Preston's urban regeneration group, Preston Vision, is forging with local businesses a development strategy for the next decade. Lancashire farm-based energy producers, Farmgen, aims to sell energy to local utility companies. Liverpool campaigns for second business improvement district. Salford's Media City UK's residential blocks will be occupied in the summer. |
| 590 ## - LOCAL NOTE (RLIN) | |
| Local note | KA |
| 651 #4 - SUBJECT ADDED ENTRY--GEOGRAPHIC NAME | |
| Geographic name | England |
| Chronological subdivision | 886- |
| 690 ## - LOCAL SUBJECT ADDED ENTRY--TOPICAL TERM (OCLC, RLIN) | |
| Topical term or geographic name as entry element | PROPERTY-COMMERCIAL PROPERTY-COMMERCIAL PROPERTY MARKET |
| 942 ## - ADDED ENTRY ELEMENTS (KOHA) | |
| Suppress in OPAC | 0 |
| Withdrawn status | Lost status | Source of classification or shelving scheme | Damaged status | Not for loan | Home library | Current library | Shelving location | Date acquired | Total Checkouts | Full call number | Barcode | Date last seen | Copy number | Price effective from | Koha item type |
|---|---|---|---|---|---|---|---|---|---|---|---|---|---|---|---|
| Dewey Decimal Classification | London | London | Journal article | 13/07/2010 | L150428 | 150428-1001 | 06/08/2019 | 1 | 06/08/2019 | Journal article |